De consideratione, ad Eugenium Papam (Registro nro. 85993)

Detalles MARC
000 -ENCABEZADO
Número de control [NR] 00496nam a22001577a 4500
008 - DE LONGITUD FIJA DE DATOS DE ELEMENTOS - INFORMACIÓN GENERAL
Elementos de longitud fija [NR] 130821s1851 xx gr eng
040 ## - FUENTE DE CATALOGACION [NR]
Agencia de catalogación original [NR] Co-BoUCM
Idioma de catalogación [NR] spa
041 00 - CODIGO DE IDIOMA [R]
Código de idioma para texto/pista de sonido o título separado [R] Inglés
100 ## - ASIENTO PRINCIPAL--NOMBRE PERSONAL [NR]
Nombre personal [NR] Bernardi, Santo
ID Autoridad 149711
245 00 - MENCION DE TITULO [NR]
Título [NR] De consideratione, ad Eugenium Papam
Mención de responsabilidad, etc. [NR] Bernardi Santo
260 ## - PUBLICACION, DISTRIBUCION, ETC. (PIE DE IMPRENTA) [R]
Lugar de publicación, distribución, etc. [R] Vensontione
Nombre del editor, distribuidor, etc. [R] Ed. Viduae C. Dais
Fecha de publicación, distribución, etc. [R] 1851
300 ## - DESCRIPCION FISICA [R]
Extensión [R] 419 páginas
650 04 - ASIENTO SECUNDARIO DE MATERIA - TERMINO TEMATICO [R]
Término temático o nombre geográfico como elemento de entrada [NR] Devocionarios
9 (RLIN) 13119
942 ## - ELEMENTOS DE ENTRADA AGREGADOS (KOHA)
Tipo de ítem principal el descrito en 300a Libro
Tema principal Arte
Edición 1
Parte restante de la signatura top. B37D
Título oculto en OPAC No
Sistema de clasificación DEWEY
Clasificación 782.145
Existencias
Signatura topográfica Código de barras Última vez visto Ejemplar Price effective from Tipo de ítem Perdido Sistema de clasificación Dañado No prestable Tipo de ítem específico Suprimido Ubicación habitual Ubicación actual Localización Fecha de creación Forma de adquisición Costo
FCS 782.145 B37D 120000181 05/07/2012 Ej.1 03/02/2013 Libro   DEWEY     Fondos especiales     Archivo Histórico Archivo histórico 28/02/2003 Donación 1000.00